Statistiques concernant Saints de France

Cliquez ici pour prendre le quiz!

Statistiques générales

  • Ce quiz a été pris 248 fois
  • Le résultat moyen est 6 sur 12

Statistiques - réponses

IndiceRéponseDates% Correct
Délivra Orléans ; brûlée par les AnglaisSainte Jeanne d'Arc1412-1431
92%
roi de France mort en CroisadeSaint Louis1214-1270
92%
Témoin de l'apparition de l'Immaculée ConceptionSainte Bernadette1844-1879
57%
Religieuse mystique, Docteure de l'ÉgliseSainte Thérèse1873-1897
55%
Coupa son manteau en deux pour en donner la moitiéSaint Martin316-397
52%
Décapité, porta sa tête jusqu'au lieu de sa sépultureSaint Denis?-250
48%
Sauva Paris des Huns par la prièreSainte Geneviève420-500
47%
Baptisa Clovis, le roi des FrancsSaint Remi437-533
45%
Livrée aux lions de l'arène pour sa foiSainte Blandine162-177
40%
Fondateur des Lazaristes et des Filles de la charitéSaint Vincent de Paul1581-1660
29%
Patron des avocats et de la BretagneSaint Yves1253-1303
21%
Fondateur des Frères des écoles chrétiennesSaint Jean-Baptiste de la Salle1651-1719
14%

Distribution des résultats

Percentile par nombre de réponses

% des personnes avec chaque résultat

Votre développement - résultats

Vous n’avez pas pris ce quiz